[Event "PRO League Group Stage"]
[Site "chess.com INT"]
[Date "2018.02.28"]
[Round "8"]
[White "Sebenik, Matej"]
[Black "Lagarde, Maxime"]
[Result "0-1"]
[WhiteTitle "GM"]
[BlackTitle "GM"]
[WhiteElo "2551"]
[BlackElo "2586"]
[WhiteTeam "Ljubljana Turtles"]
[BlackTeam "Cannes Blockbusters"]
[WhiteFideId "14602296"]
[BlackFideId "662399"]
[EventDate "2018.01.18"]

1. d4 Nf6 2. Nf3 g6 3. g3 Bg7 4. Bg2 O-O 5. O-O d6 6. b3 Nc6 7. Bb2 e5 8. dxe5
Nd7 9. Nc3 Ndxe5 10. Nxe5 Nxe5 11. Qd2 Re8 12. Rad1 Bf5 13. h3 Qc8 14. Kh2 Nd7
15. e4 Be6 16. Na4 Nf6 17. f4 b5 18. Nc3 Rb8 19. Ba1 b4 20. Ne2 d5 21. f5 gxf5
22. Bxf6 Bxf6 23. exd5 Bd7 24. Nd4 Kh8 25. Qf2 Be5 26. Rde1 Rb6 27. Nc6 Bxc6 28.
dxc6 f6 29. Qxf5 Qxf5 30. Rxf5 Bxg3+ 31. Kxg3 Rxe1 32. Rxf6 Kg7 33. Rf4 Re3+ 34.
Kg4 Rb5 35. Rd4 Kf6 36. Rd7 Re7 37. Kf4 Rf5+ 38. Kg3 Rxd7 39. cxd7 Ke7 40. Kg4
Rc5 41. Be4 h5+ 42. Kf4 Kxd7 43. h4 Ra5 44. Bf5+ Kd6 45. Kg5 Ke5 46. Bd3 Kd4+
47. Kh6 c5 48. Bg6 c4 49. Bxh5 Rxa2 50. Bg6 Ra1 51. h5 cxb3 52. cxb3 Kc3 53. Bf7
Rg1 54. Kh7 a5 55. h6 Kd4 56. Bg6 a4 57. bxa4 b3 58. Bf5 Ke5 59. Bd3 Kf6 60. a5
b2 61. a6 b1=Q 62. Bxb1 Rxb1 63. a7 Rb7+ 64. Kg8 Rxa7 65. h7 Ra8# 0-1

[Event "PRO League Group Stage"]
[Site "chess.com INT"]
[Date "2018.02.28"]
[Round "8"]
[White "Sebenik, Matej"]
[Black "Gunina, Valentina"]
[Result "1-0"]
[WhiteTitle "GM"]
[BlackTitle "GM"]
[WhiteElo "2551"]
[BlackElo "2502"]
[WhiteTeam "Ljubljana Turtles"]
[BlackTeam "Cannes Blockbusters"]
[WhiteFideId "14602296"]
[BlackFideId "4167570"]
[EventDate "2018.01.18"]

1. d4 Nf6 2. Nf3 e6 3. c4 b6 4. g3 Bb7 5. Bg2 Bb4+ 6. Bd2 Be7 7. Nc3 O-O 8. O-O
c6 9. e4 d5 10. exd5 cxd5 11. Ne5 Nc6 12. cxd5 Nxe5 13. d6 Nc6 14. dxe7 Qxe7 15.
Bg5 h6 16. d5 Na5 17. Bxf6 Qxf6 18. dxe6 fxe6 19. Bxb7 Nxb7 20. Qe2 Nc5 21. Rad1
Rad8 22. Qe3 Qf5 23. Rfe1 Qc2 24. Rxd8 Rxd8 25. Re2 Qd3 26. Qe5 a5 27. h4 Qd4
28. Qc7 Nd3 29. Qc6 e5 30. Rd2 Rd6 31. Qc8+ Rd8 32. Qe6+ Kh8 33. Qf5 Qc4 34. Kh2
b5 35. Ne4 Rd4 36. Nd6 Qd5 37. Qf8+ Kh7 38. Nf5 Rg4 39. Ne3 Qe4 40. Nxg4 Ne1 41.
Nf6+ 1-0

[Event "PRO League Group Stage"]
[Site "chess.com INT"]
[Date "2018.02.28"]
[Round "8"]
[White "Liang, Awonder"]
[Black "Colas, Joshua"]
[Result "1/2-1/2"]
[WhiteTitle "GM"]
[BlackTitle "FM"]
[WhiteElo "2572"]
[BlackElo "2240"]
[WhiteTeam "Pittsburgh Pawngrabbers"]
[BlackTeam "Webster Windmills"]
[WhiteFideId "2056437"]
[BlackFideId "2044447"]
[EventDate "2018.01.18"]

1. e4 c5 2. Nf3 e6 3. d4 cxd4 4. Nxd4 a6 5. Bd3 Nf6 6. O-O Qc7 7. Qe2 d6 8. c4
g6 9. Nc3 Bg7 10. Rd1 O-O 11. Nf3 Nc6 12. h3 Nd7 13. Bf4 Nce5 14. Rac1 b6 15. b3
Bb7 16. Bb1 Rad8 17. Nd4 Rfe8 18. Be3 Qb8 19. f3 f5 20. Qf2 Nf7 21. Nde2 fxe4
22. Nxe4 Ba8 23. h4 Nc5 24. Nxc5 dxc5 25. h5 gxh5 26. Ng3 Rxd1+ 27. Rxd1 Rd8 28.
Re1 Qe5 29. f4 Qc3 30. Nxh5 Nh6 31. Nxg7 Qxg7 32. Bc1 Nf5 33. Bb2 Qg4 34. Bxf5
exf5 35. Re3 Kf7 36. Rh3 h5 37. Bc3 Rg8 38. Qd2 Qxg2+ 39. Qxg2 Rxg2+ 40. Kf1
Rxa2 41. Rxh5 Be4 42. Rh7+ Ke6 43. Rh6+ Kd7 44. Rxb6 Ra3 45. Be5 Bc2 46. b4 cxb4
47. Rxb4 Bd3+ 48. Ke1 Ra2 49. Rb7+ Kc6 50. Rc7+ Kb6 51. Rc8 Rc2 52. c5+ Kb5 53.
c6 Rxc6 54. Rxc6 Kxc6 55. Kd2 1/2-1/2

[Event "PRO League Group Stage"]
[Site "chess.com INT"]
[Date "2018.02.28"]
[Round "8"]
[White "Liang, Awonder"]
[Black "Le, Quang Liem"]
[Result "0-1"]
[WhiteTitle "GM"]
[BlackTitle "GM"]
[WhiteElo "2572"]
[BlackElo "2737"]
[WhiteTeam "Pittsburgh Pawngrabbers"]
[BlackTeam "Webster Windmills"]
[WhiteFideId "2056437"]
[BlackFideId "12401137"]
[EventDate "2018.01.18"]

1. e4 e6 2. d3 d5 3. Nd2 c5 4. Ngf3 Nc6 5. g3 Nf6 6. Bg2 Be7 7. O-O b6 8. Qe2
Qc7 9. Re1 Bb7 10. e5 Nd7 11. c4 d4 12. h4 h6 13. h5 a5 14. Ne4 Ncxe5 15. Nxe5
Nxe5 16. Bf4 O-O 17. Nd2 Bxg2 18. Bxe5 Qc6 19. f3 Bh3 20. g4 Bg5 21. Ne4 Be3+
22. Kh2 f5 23. Kxh3 fxe4 24. dxe4 Bf4 25. Bxf4 Rxf4 26. a4 Raf8 27. Ra3 e5 28.
Rg1 g6 29. hxg6 Qxg6 30. Rg3 Kf7 31. Ra1 h5 32. Rh1 hxg4+ 33. Rxg4 Rxg4 34. fxg4
Kg7 35. Kg3 Rf4 36. Re1 d3 37. Qd1 Rxe4 38. Rxe4 Qxe4 39. Kh4 Qe2 40. Qh1 Qf2+
41. Kh5 d2 42. b3 Qf7+ 43. Kh4 Qf6+ 44. g5 Qf4+ 45. Kh5 e4 0-1

[Event "PRO League Group Stage"]
[Site "chess.com INT"]
[Date "2018.02.28"]
[Round "8"]
[White "Lagarde, Maxime"]
[Black "Skoberne, Jure"]
[Result "1-0"]
[WhiteTitle "GM"]
[BlackTitle "GM"]
[WhiteElo "2586"]
[BlackElo "2553"]
[WhiteTeam "Cannes Blockbusters"]
[BlackTeam "Ljubljana Turtles"]
[WhiteFideId "662399"]
[BlackFideId "14604299"]
[EventDate "2018.01.18"]

1. e4 e6 2. d4 d5 3. Nc3 Nf6 4. Bg5 dxe4 5. Nxe4 Be7 6. Bxf6 gxf6 7. Nf3 f5 8.
Nc3 a6 9. Qd2 b5 10. O-O-O Qd6 11. g3 b4 12. Nb1 Bb7 13. Bg2 Nd7 14. c4 Be4 15.
Qe3 Rg8 16. Nbd2 Bg5 17. Nxg5 Bxg2 18. Rhe1 h6 19. Ngf3 Nf6 20. Nh4 f4 21. Qe5
Ng4 22. Qxd6 cxd6 23. Nxg2 Nxf2 24. Nxf4 Nxd1 25. Kxd1 a5 26. d5 e5 27. c5 f6
28. c6 Ke7 29. Nf3 a4 30. Nh4 Rg5 31. Ne6 Rh5 32. Ng7 Rg5 33. Ngf5+ 1-0

[Event "PRO League Group Stage"]
[Site "chess.com INT"]
[Date "2018.02.28"]
[Round "8"]
[White "Lagarde, Maxime"]
[Black "Skuhala, Luka"]
[Result "1-0"]
[WhiteTitle "GM"]
[WhiteElo "2586"]
[BlackElo "2059"]
[WhiteTeam "Cannes Blockbusters"]
[BlackTeam "Ljubljana Turtles"]
[WhiteFideId "662399"]
[BlackFideId "14605678"]
[EventDate "2018.01.18"]

1. e3 Nf6 2. Nf3 e6 3. Be2 Be7 4. O-O O-O 5. b3 d5 6. Bb2 c5 7. c4 Nc6 8. cxd5
Nxd5 9. Nc3 Bf6 10. Qc1 Nxc3 11. Bxc3 Bxc3 12. Qxc3 Qe7 13. Rfc1 b6 14. d4 Bb7
15. dxc5 Rfc8 16. b4 bxc5 17. bxc5 a5 18. a3 Rc7 19. Rab1 Rac8 20. Rxb7 Rxb7 21.
Ba6 Rcb8 22. Bxb7 Qxb7 23. Nd4 a4 24. h3 g6 25. Qc4 Nxd4 26. exd4 Qc6 27. Rd1
Rd8 28. f3 h5 29. Rb1 Kh7 30. Rb4 Ra8 31. Qe2 Rd8 32. Qe4 Qc7 33. Rb7 Qg3 34.
Rxf7+ Kg8 35. Qxe6 1-0

[Event "PRO League Group Stage"]
[Site "chess.com INT"]
[Date "2018.02.28"]
[Round "8"]
[White "Risting, Eivind Olav"]
[Black "Matinian, Nikita"]
[Result "1-0"]
[WhiteTitle "FM"]
[BlackTitle "GM"]
[WhiteElo "2309"]
[BlackElo "2491"]
[WhiteTeam "Oslo Trolls"]
[BlackTeam "Volga Stormbringers"]
[WhiteFideId "1517333"]
[BlackFideId "24129100"]
[EventDate "2018.01.18"]

1. d4 Nf6 2. c4 g6 3. Nc3 Bg7 4. Nf3 d6 5. g3 O-O 6. Bg2 Nc6 7. O-O a6 8. d5 Na5
9. b3 c5 10. dxc6 Nxc6 11. Bd2 Rb8 12. Rc1 Bg4 13. h3 Bd7 14. Be3 b5 15. c5 dxc5
16. Bxc5 b4 17. Na4 Ne4 18. Be3 Nc3 19. Nxc3 bxc3 20. Nd4 Rc8 21. Bxc6 Bxc6 22.
Rxc3 Bb7 23. Rxc8 Qxc8 24. Nf3 Qxh3 25. Qd2 h5 26. Qb4 Bxf3 27. exf3 Bf6 28. Rd1
Rc8 29. Qe4 Kg7 30. b4 Rc3 31. a4 Rb3 32. Bc5 h4 33. Bxe7 Bxe7 34. Qxe7 hxg3 35.
Qe5+ Kh7 36. Qxg3 Qxg3+ 37. fxg3 Rxb4 38. a5 Rb5 39. Ra1 f5 40. Kf2 g5 41. Ra4
Kg6 42. Ke3 Rb3+ 43. Kf2 Rb5 44. Ke3 Rd5 45. g4 Kf6 46. gxf5 Kxf5 47. Ke2 Rb5
48. Ke3 Rb3+ 49. Kf2 Rb5 50. Ke3 Re5+ 51. Kf2 Ke6 52. f4 gxf4 53. Rxf4 Rxa5 54.
Ke3 Rd5 55. Ra4 a5 56. Rh4 Kd6 57. Rc4 Ke5 58. Rh4 1-0

[Event "PRO League Group Stage"]
[Site "chess.com INT"]
[Date "2018.02.28"]
[Round "8"]
[White "Risting, Eivind Olav"]
[Black "Grigoriants, Sergey"]
[Result "0-1"]
[WhiteTitle "FM"]
[BlackTitle "GM"]
[WhiteElo "2309"]
[BlackElo "2568"]
[WhiteTeam "Oslo Trolls"]
[BlackTeam "Volga Stormbringers"]
[WhiteFideId "1517333"]
[BlackFideId "4130804"]
[EventDate "2018.01.18"]

1. d4 Nf6 2. c4 e6 3. Nc3 Bb4 4. Qc2 c5 5. dxc5 O-O 6. Nf3 Bxc5 7. e3 b6 8. a3
Bb7 9. b4 Be7 10. Be2 a5 11. b5 d6 12. O-O Nbd7 13. Bb2 Rc8 14. Rfd1 Rc7 15.
Rac1 Qa8 16. Qb1 Rfc8 17. h3 Nc5 18. Ba1 h6 19. Qb2 Bf8 20. Rc2 a4 21. Rcc1 Nb3
22. Rc2 Qa5 23. Nd4 d5 24. cxd5 Nxa1 25. Rxa1 Rxc3 26. Nc6 Rxc2 27. Qxc2 Nxd5
28. e4 Qc3 29. Rc1 Nf4 30. Bf1 Qxc2 31. Rxc2 Bxa3 32. g3 Ng6 33. Ra2 Bc5 34.
Rxa4 Ra8 0-1

[Event "PRO League Group Stage"]
[Site "chess.com INT"]
[Date "2018.02.28"]
[Round "8"]
[White "Patel, Advait"]
[Black "Zherebukh, Yaroslav"]
[Result "0-1"]
[WhiteTitle "IM"]
[BlackTitle "GM"]
[WhiteElo "2478"]
[BlackElo "2636"]
[WhiteTeam "Montclair Sopranos"]
[BlackTeam "Saint Louis Arch Bishops"]
[WhiteFideId "2075105"]
[BlackFideId "14116804"]
[EventDate "2018.01.18"]

1. e4 c5 2. Nf3 d6 3. d4 cxd4 4. Nxd4 Nf6 5. Nc3 a6 6. Bg5 Nbd7 7. Qe2 h6 8. Bh4
Qc7 9. O-O-O b5 10. Nd5 Nxd5 11. exd5 Nb6 12. Bg3 g6 13. Qe4 Bg7 14. Be2 O-O 15.
Nc6 Re8 16. Rhe1 Bf5 17. Qf3 Na4 18. c3 b4 19. Nxb4 Reb8 20. Nc6 Qb6 21. Nxe7+
Kh8 22. b3 Nxc3 23. Nxf5 Nxa2+ 24. Kc2 Nb4+ 25. Kb1 Qa5 0-1

[Event "PRO League Group Stage"]
[Site "chess.com INT"]
[Date "2018.02.28"]
[Round "8"]
[White "Patel, Advait"]
[Black "Caruana, Fabiano"]
[Result "0-1"]
[WhiteTitle "IM"]
[BlackTitle "GM"]
[WhiteElo "2478"]
[BlackElo "2811"]
[WhiteTeam "Montclair Sopranos"]
[BlackTeam "Saint Louis Arch Bishops"]
[WhiteFideId "2075105"]
[BlackFideId "2020009"]
[EventDate "2018.01.18"]

1. e4 e5 2. Nf3 Nc6 3. Bb5 a6 4. Ba4 g6 5. O-O Bg7 6. c3 d6 7. d4 Bd7 8. Re1 Nf6
9. Nbd2 O-O 10. h3 Re8 11. Bc2 Qe7 12. Nf1 Qf8 13. Ng3 a5 14. Ba4 Rad8 15. Bg5
h6 16. Bd2 b6 17. Rc1 Nh7 18. Qb3 Re7 19. Qc4 Qe8 20. Bb5 exd4 21. Bxc6 Bxc6 22.
cxd4 Bb5 23. Qc2 c5 24. Bc3 Nf6 25. Rcd1 Bc6 26. d5 Bb5 27. b3 Nd7 28. Bxg7 Kxg7
29. Qc3+ f6 30. Nh4 Kh7 31. f4 Qf7 32. a4 Ba6 33. Qf3 Rde8 34. Kh2 Rg8 35. Nh1
Ree8 36. Nf2 Rg7 37. Ng4 Qf8 38. Rc1 Bb7 39. Ne3 Ba6 40. g4 b5 41. axb5 Bxb5 42.
Nhg2 Rge7 43. Nd1 Nb6 44. Nc3 Bd7 45. Ra1 Ra8 46. Ne3 Qg7 47. Rec1 Rae8 48. f5
Ra8 49. fxg6+ Qxg6 50. Nf5 Bxf5 51. gxf5 Qe8 52. Rg1 Nd7 53. Qf4 Ne5 54. Rg3 Rb8
55. Ne2 a4 56. bxa4 Rb2 57. Rg2 c4 58. Qg3 Rd2 59. Ra3 Nd3 60. a5 Nc5 61. a6 Ra7
62. Qe3 Qe5+ 63. Ng3 Rxg2+ 64. Kxg2 Qb2+ 65. Kf3 Qh2 66. Kg4 Qg2 67. Kh4 Qb2 68.
Kh5 Kg8 69. Kh4 Qb8 70. Qxh6 Rh7 71. Qxh7+ Kxh7 72. a7 Qa8 73. Nh5 Nd7 74. Nf4
c3 75. Ne6 c2 76. Nc7 Qc8 0-1

[Event "PRO League Group Stage"]
[Site "chess.com INT"]
[Date "2018.02.28"]
[Round "8"]
[White "Chu, Ruotong"]
[Black "Foisor, Sabina-Francesca"]
[Result "0-1"]
[BlackTitle "WGM"]
[WhiteElo "2267"]
[BlackElo "2326"]
[WhiteTeam "Chengdu Pandas"]
[BlackTeam "Dallas Destiny"]
[WhiteFideId "8605653"]
[BlackFideId "1212915"]
[EventDate "2018.01.18"]

1. d4 d5 2. c4 c6 3. cxd5 cxd5 4. Bf4 Nf6 5. e3 a6 6. Nc3 e6 7. Bd3 Bd6 8. Bxd6
Qxd6 9. f4 O-O 10. Nf3 b5 11. O-O Bb7 12. Qe1 Nbd7 13. Qh4 b4 14. Na4 Ne4 15.
Ne5 Bc6 16. Nxd7 Bxd7 17. Bxe4 dxe4 18. Nc5 Bc6 19. f5 exf5 20. Rxf5 f6 21. Qe1
a5 22. Rf2 f5 23. g3 Rf6 24. a3 bxa3 25. Rxa3 a4 26. Qf1 Qd5 27. Qd1 Qc4 28. Rc2
Qb4 29. Qe2 Bb5 30. Qd2 Qxd2 31. Rxd2 Rff8 32. d5 Rfc8 33. Rc3 Kf7 34. d6 Ra7
35. Nxe4 Rxc3 36. Nxc3 Bd7 37. Kf2 Ke6 0-1

[Event "PRO League Group Stage"]
[Site "chess.com INT"]
[Date "2018.02.28"]
[Round "8"]
[White "Chu, Ruotong"]
[Black "Xiong, Jeffery"]
[Result "0-1"]
[BlackTitle "GM"]
[WhiteElo "2267"]
[BlackElo "2634"]
[WhiteTeam "Chengdu Pandas"]
[BlackTeam "Dallas Destiny"]
[WhiteFideId "8605653"]
[BlackFideId "2047640"]
[EventDate "2018.01.18"]

1. d4 Nf6 2. c4 e6 3. g3 c5 4. d5 exd5 5. cxd5 d6 6. Nc3 g6 7. Bg2 Bg7 8. Nf3
O-O 9. O-O Nbd7 10. h3 a6 11. a4 Rb8 12. Bf4 Qe7 13. Rb1 h6 14. Qd2 Kh7 15. g4
Re8 16. Rfe1 Nb6 17. b3 Nfd7 18. e4 g5 19. Bg3 Ne5 20. Nxe5 Bxe5 21. Bxe5 Qxe5
22. Ne2 Nd7 23. f4 gxf4 24. Nxf4 b5 25. axb5 Rxb5 26. Kh1 Nf6 27. Qf2 Bd7 28.
Nd3 Qd4 29. Qf3 Kg7 30. Nf4 Rb4 31. Rf1 Re7 32. Rbe1 Bb5 33. Rf2 Nxe4 34. Nh5+
Kf8 35. Rc2 Ng5 36. Rxe7 Nxf3 37. Bxf3 Kxe7 0-1

[Event "PRO League Group Stage"]
[Site "chess.com INT"]
[Date "2018.02.28"]
[Round "8"]
[White "Grover, Sahaj"]
[Black "Grandelius, Nils"]
[Result "1/2-1/2"]
[WhiteTitle "GM"]
[BlackTitle "GM"]
[WhiteElo "2484"]
[BlackElo "2647"]
[WhiteTeam "Delhi Dynamite"]
[BlackTeam "Norway Gnomes"]
[WhiteFideId "5021103"]
[BlackFideId "1710400"]
[EventDate "2018.01.18"]

1. e4 c5 2. Nf3 e6 3. g3 Nc6 4. Bg2 Nf6 5. Qe2 e5 6. O-O Be7 7. c3 O-O 8. Rd1 d5
9. exd5 Qxd5 10. d3 Rd8 11. Ng5 Qd6 12. Na3 Bg4 13. Bf3 Bxf3 14. Qxf3 Qd5 15.
Be3 Qxf3 16. Nxf3 Rd5 17. Rd2 Rad8 18. Rad1 Ne8 19. h4 Nc7 20. Kf1 Ne6 21. Ng5
Nc7 22. Ne4 b6 23. c4 R5d7 24. Nc3 f5 25. Nab5 Nxb5 26. Nxb5 Bd6 27. Nxd6 Rxd6
28. f4 R6d7 29. b3 h6 30. Kf2 Nb4 31. Ke2 Re8 32. fxe5 Rxe5 33. Kf3 Re6 34. a3
Nc6 35. d4 cxd4 36. Bxd4 Na5 37. Bc3 Rxd2 38. Rxd2 Nxb3 39. Rd7 Rg6 40. Rxa7 Nc5
41. Bd4 Rg4 42. Be5 Ne6 43. Ra8+ Kf7 44. Ra7+ Kg6 45. Rb7 Re4 46. Bb2 Rxc4 47.
Rxb6 Kf7 48. Rb7+ Kg6 49. Rb6 Kf7 50. Rb7+ Kg6 1/2-1/2

[Event "PRO League Group Stage"]
[Site "chess.com INT"]
[Date "2018.02.28"]
[Round "8"]
[White "Grover, Sahaj"]
[Black "Gonzalez, Francisco Silva"]
[Result "1-0"]
[WhiteTitle "GM"]
[WhiteElo "2484"]
[BlackElo "2076"]
[WhiteTeam "Delhi Dynamite"]
[BlackTeam "Norway Gnomes"]
[WhiteFideId "5021103"]
[BlackFideId "1512285"]
[EventDate "2018.01.18"]

1. e4 e5 2. Nf3 Nc6 3. Bb5 a6 4. Ba4 Nf6 5. Qe2 b5 6. Bb3 Bc5 7. d3 d6 8. c3 Be6
9. O-O h6 10. Rd1 Bxb3 11. axb3 Bb6 12. Nbd2 O-O 13. Nf1 Ne7 14. Nh4 Ng6 15. Nf5
Kh7 16. Qf3 Ng8 17. Be3 Bxe3 18. N1xe3 Nh4 19. Nxh4 Qxh4 20. Qf5+ g6 21. Qd7 Qe7
22. Qc6 Qe6 23. b4 Ne7 24. Qxc7 Rfc8 25. Qa5 f5 26. Qa2 Qf6 27. Nd5 Nxd5 28.
Qxd5 f4 29. Rxa6 Rxa6 30. Qb7+ Qg7 31. Qxa6 Qd7 32. Ra1 f3 33. gxf3 Rc7 34. Qa8
h5 35. Qd5 h4 36. Ra6 Qe7 37. Kf1 Qg5 38. Ra1 Qf6 39. f4 Qxf4 40. Ke2 Qxh2 41.
Ra8 Rg7 42. Rf8 Qg2 43. Qa8 Qg4+ 44. Kd2 Qf4+ 45. Rxf4 exf4 46. Qc8 g5 47. Qg4
Rg6 48. Ke2 Kg7 49. Kf3 Kh7 50. Qd7+ Kh8 51. Kg4 Kg8 52. Qxb5 Rh6 53. Qxg5+ Kh7
54. Qxh6+ Kxh6 55. Kxh4 1-0

[Event "PRO League Group Stage"]
[Site "chess.com INT"]
[Date "2018.02.28"]
[Round "8"]
[White "Ter-Sahakyan, Samvel"]
[Black "Guseinov, Gadir"]
[Result "1/2-1/2"]
[WhiteTitle "GM"]
[BlackTitle "GM"]
[WhiteElo "2563"]
[BlackElo "2646"]
[WhiteTeam "Armenia Eagles"]
[BlackTeam "Estonia Horses"]
[WhiteFideId "13302531"]
[BlackFideId "13401378"]
[EventDate "2018.01.18"]

1. e4 c5 2. Nf3 g6 3. c3 d5 4. e5 Nc6 5. Bb5 Bg4 6. O-O Rc8 7. h3 Bxf3 8. Qxf3
a6 9. Bxc6+ Rxc6 10. d4 cxd4 11. cxd4 e6 12. Nd2 Bg7 13. Qd3 Ne7 14. Nf3 O-O 15.
Bd2 Qb6 16. b3 Qb5 17. Qxb5 axb5 18. a4 bxa4 19. bxa4 f6 20. Rab1 b6 21. Bb4 Kf7
22. a5 Ra8 23. Bxe7 Kxe7 24. Rxb6 Rxb6 25. axb6 Rb8 26. Rb1 Kd7 27. Kf1 Kc6 28.
exf6 Bxf6 29. Ke2 Rxb6 30. Rxb6+ Kxb6 31. Kd3 Kc6 32. Ng1 Kd6 33. f4 Bh4 34. Nf3
Bf6 35. g4 Ke7 36. Ke3 Kd6 37. Kd3 Ke7 38. Ke3 Kd6 39. Kd3 Ke7 40. Ke3 Kd6 41.
Kd3 1/2-1/2

[Event "PRO League Group Stage"]
[Site "chess.com INT"]
[Date "2018.02.28"]
[Round "8"]
[White "Ter-Sahakyan, Samvel"]
[Black "Kukk, Sander"]
[Result "1-0"]
[WhiteTitle "GM"]
[WhiteElo "2563"]
[BlackElo "2178"]
[WhiteTeam "Armenia Eagles"]
[BlackTeam "Estonia Horses"]
[WhiteFideId "13302531"]
[BlackFideId "4502094"]
[EventDate "2018.01.18"]

1. e4 g6 2. d4 Bg7 3. Nc3 d6 4. f4 Nf6 5. Nf3 O-O 6. e5 dxe5 7. fxe5 Ng4 8. h3
Nh6 9. Bf4 f6 10. Qd2 Nf7 11. exf6 exf6 12. O-O-O Nd6 13. Kb1 Be6 14. h4 h5 15.
Bd3 Kh7 16. Rde1 Bf5 17. Bxd6 Qxd6 18. Bxf5 gxf5 19. Qd3 Qd7 20. d5 Na6 21. Nd4
Nc5 22. Qf3 Qf7 23. Nxf5 Rae8 24. g4 hxg4 25. Qxg4 Nd7 26. Reg1 Rg8 27. a3 Ne5
28. Qf4 a6 29. h5 b5 30. Rg6 Kh8 31. h6 Bf8 32. Rg7 1-0

[Event "PRO League Group Stage"]
[Site "chess.com INT"]
[Date "2018.02.28"]
[Round "8"]
[White "Olafsson, Helgi"]
[Black "Harvey, Marcus R"]
[Result "1/2-1/2"]
[WhiteTitle "GM"]
[BlackTitle "FM"]
[WhiteElo "2508"]
[BlackElo "2349"]
[WhiteTeam "Reykjavik Puffins"]
[BlackTeam "London Lions"]
[WhiteFideId "2300010"]
[BlackFideId "400092"]
[EventDate "2018.01.18"]

1. d4 Nf6 2. Nf3 e6 3. c4 Bb4+ 4. Nbd2 O-O 5. a3 Bxd2+ 6. Bxd2 Ne4 7. g3 Nxd2 8.
Qxd2 b6 9. Bg2 Bb7 10. O-O d6 11. Rfe1 Nd7 12. e4 Nf6 13. Qc2 Qe7 14. Rad1 e5
15. d5 a5 16. b3 g6 17. Bh3 Bc8 18. Bxc8 Rfxc8 19. Kg2 Kg7 20. Nd2 h5 21. h4 Ng4
22. Qc3 Rf8 23. Nf3 Nf6 24. Qd3 Nh7 25. Ra1 Qd7 26. b4 axb4 27. axb4 Ra4 28. Qc3
Rfa8 29. Rxa4 Qxa4 30. c5 bxc5 31. bxc5 Nf6 32. cxd6 cxd6 33. Ng5 Qa5 34. Qxa5
Rxa5 35. Rb1 Ra7 36. Rb6 Rd7 37. Kf3 Nh7 38. Nh3 Kf6 39. Ke3 g5 40. hxg5+ Nxg5
41. Ng1 Ra7 42. Rxd6+ Ke7 43. Rh6 Ra3+ 44. Ke2 Nxe4 45. Nf3 Ra2+ 46. Ke3 Nxf2
47. d6+ Kd8 48. Nxe5 Ng4+ 49. Nxg4 hxg4 50. Kf4 Ra4+ 51. Kf5 Kd7 52. Rf6 Ke8 53.
Kg5 Rb4 54. Rf4 Rxf4 55. Kxf4 Kd7 56. Ke5 Kc6 57. Kf6 Kxd6 58. Kxf7 Ke5 59. Kg6
Ke6 60. Kg5 Kf7 61. Kxg4 Kg6 62. Kf4 Kf6 63. g4 Kg6 64. g5 Kg7 65. Kg4 Kg6 66.
Kf4 Kg7 67. Kf5 Kf7 68. g6+ Kg7 69. Kg5 Kg8 70. Kf6 Kf8 71. g7+ Kg8 72. Kg6 1/2-1/2

[Event "PRO League Group Stage"]
[Site "chess.com INT"]
[Date "2018.02.28"]
[Round "8"]
[White "Olafsson, Helgi"]
[Black "Porper, Edward"]
[Result "0-1"]
[WhiteTitle "GM"]
[BlackTitle "IM"]
[WhiteElo "2508"]
[BlackElo "2377"]
[WhiteTeam "Reykjavik Puffins"]
[BlackTeam "London Lions"]
[WhiteFideId "2300010"]
[BlackFideId "2801604"]
[EventDate "2018.01.18"]

1. d4 Nf6 2. Nf3 e6 3. c4 Bb4+ 4. Nbd2 O-O 5. a3 Be7 6. e4 d6 7. Bd3 Nfd7 8. O-O
e5 9. d5 a5 10. b3 g6 11. Bb2 f5 12. b4 f4 13. c5 Nf6 14. cxd6 cxd6 15. Ng5 Na6
16. Nc4 Nxd5 17. Nxh7 Kxh7 18. exd5 f3 19. Nxa5 Bg4 20. Re1 Qd7 21. Re4 Kg7 22.
Rc1 Bg5 23. Rcc4 Bf5 24. Qxf3 Bxe4 25. Qxe4 Rf6 26. g3 Raf8 27. Rc2 Qf7 28. Qg2
Kg8 29. Bxa6 bxa6 30. Nc4 Qd7 31. h4 Bh6 32. Qe4 Qa7 33. Qe1 Rc8 34. Kg2 Rcf8
35. Na5 Qd7 36. Qe4 Qa7 37. Qe1 Qd7 38. Qe4 Qa7 39. f4 Qf7 40. Rf2 Rf5 41. Nc6
Re8 42. Re2 Bxf4 43. g4 Rf6 44. g5 Rf5 45. Nd4 Bxg5 46. Nxf5 gxf5 47. Qc4 Bf4
48. Kh3 Kh7 49. Rg2 Rg8 50. Qe2 Rxg2 51. Qxg2 Qh5 52. a4 Qd1 0-1

[Event "PRO League Group Stage"]
[Site "chess.com INT"]
[Date "2018.02.28"]
[Round "8"]
[White "Erenburg, Sergey"]
[Black "Zherebukh, Yaroslav"]
[Result "1/2-1/2"]
[WhiteTitle "GM"]
[BlackTitle "GM"]
[WhiteElo "2564"]
[BlackElo "2636"]
[WhiteTeam "Montclair Sopranos"]
[BlackTeam "Saint Louis Arch Bishops"]
[WhiteFideId "2805642"]
[BlackFideId "14116804"]
[EventDate "2018.01.18"]

1. e4 c5 2. Nf3 d6 3. Bb5+ Nd7 4. c3 Nf6 5. Qe2 a6 6. Ba4 b5 7. Bc2 Bb7 8. d4 e6
9. O-O Be7 10. Re1 O-O 11. Bg5 Qc7 12. Bd3 h6 13. Bh4 e5 14. Nbd2 Rfe8 15. a4 c4
16. Bc2 Nf8 17. d5 Ng6 18. Bg3 Nh5 19. Rec1 Nhf4 20. Qf1 Qd7 21. b3 cxb3 22.
Nxb3 Bd8 23. axb5 axb5 24. Rxa8 Bxa8 25. Rb1 Bb6 26. Nbd2 Rb8 27. Kh1 Bc5 28.
Ba4 Nh5 29. Bxb5 Qc7 30. c4 Bb7 31. Ne1 Nxg3+ 32. fxg3 Rf8 33. Nd3 Ba7 34. Qe2
Bc8 35. g4 Qe7 36. h3 Nf4 37. Nxf4 exf4 38. Nf3 Be3 39. Qd3 g6 40. Nd4 Bxg4 41.
Nc2 f5 42. Nxe3 fxe4 43. Qd4 Bxh3 44. Rf1 fxe3 45. Rxf8+ Qxf8 46. Qxe4 Qf1+ 47.
Kh2 e2 48. Qe8+ Kg7 49. Qe7+ Kg8 50. Qe8+ Kg7 51. Qe7+ Kg8 52. Qe8+ Kg7 53. Qe7+
Kg8 54. Qe8+ Kg7 1/2-1/2

[Event "PRO League Group Stage"]
[Site "chess.com INT"]
[Date "2018.02.28"]
[Round "8"]
[White "Erenburg, Sergey"]
[Black "Caruana, Fabiano"]
[Result "0-1"]
[WhiteTitle "GM"]
[BlackTitle "GM"]
[WhiteElo "2564"]
[BlackElo "2811"]
[WhiteTeam "Montclair Sopranos"]
[BlackTeam "Saint Louis Arch Bishops"]
[WhiteFideId "2805642"]
[BlackFideId "2020009"]
[EventDate "2018.01.18"]

1. e4 e5 2. Nf3 Nc6 3. Bb5 a6 4. Ba4 Nf6 5. O-O Be7 6. d3 b5 7. Bb3 d6 8. a4 Bd7
9. c3 O-O 10. Bc2 Re8 11. Re1 Bf8 12. h3 Rb8 13. Nbd2 Ne7 14. Nf1 Ng6 15. axb5
axb5 16. Ng3 c5 17. d4 h6 18. Be3 Bc6 19. d5 Bd7 20. b4 cxb4 21. cxb4 Nf4 22.
Qd2 g5 23. Ra7 Bg7 24. Rea1 Qc8 25. R1a6 Bf8 26. Bb1 Rb7 27. Rxb7 Qxb7 28. Ra7
Qc8 29. h4 Nh7 30. Nf5 Bxf5 31. exf5 g4 32. Nd4 Qd8 33. Nxb5 Qxh4 34. g3 Nh3+
35. Kg2 Qh5 36. Qd1 Rb8 37. Bd3 N7g5 38. Bxg5 Nxg5 39. Qh1 Nh3 40. Rc7 e4 41.
Be2 Qxf5 42. Qe1 e3 43. fxe3 Qxd5+ 44. Kh2 Rxb5 45. Bc4 Qe5 46. Bxf7+ Kh8 0-1